Palmen aus Plastik lyrics - Bonez MC , Raf Camora - Statistiken

Allgemein
  • Dieses Quiz wurde 345 mal gespielt
    333 seit der letzten Aktualisierung
  • Das Durchschnittsergebnis liegt bei 266 aus 414
Antwortstatistiken
Antwort % Korrekt
aus
98%
Palmen
98%
Plastik
98%
Unter
92%
Benz
90%
mein
86%
Mein
86%
Benzin
85%
Ich
85%
ich
85%
macht
85%
nicht
85%
die
84%
Die
84%
auf
83%
er
83%
in
83%
nach
82%
ab
81%
Meer
80%
nichts
79%
aber
78%
Aber
78%
meine
78%
Meine
78%
wie
78%
den
77%
es
76%
riecht
76%
Roller
76%
wir
76%
Luft
75%
ist
74%
Runden
74%
Stadt
74%
Dächern
73%
Sand
73%
Drehe
72%
wenn
72%
Über
71%
und
71%
Und
71%
meiner
70%
Der
69%
der
69%
Weed
69%
auf'm
67%
bisschen
67%
kalt
67%
Marihuana
67%
Nacht
67%
Ohne
67%
verbrenne
66%
für
64%
Wird
64%
wird
64%
Sommer
62%
ne
61%
Am
60%
am
60%
Kiez
57%
sind
56%
an
54%
nix
52%
R-A
51%
was
50%
frisch
49%
Sonne
49%
mehr
48%
187
47%
im
47%
Karriere
47%
gewaschen
45%
häng
45%
mir
45%
Sie
44%
sie
44%
Haut
43%
Millionäre
43%
uns
43%
ganz
42%
meinem
42%
Hype
41%
Sex
41%
diesen
40%
Jungs
40%
Welt
40%
Wird'n
40%
Baby
39%
doch
39%
Hautfarbe
39%
Heute
39%
Möhre
39%
zu
39%
beim
38%
Bräute
38%
Kokosnussduft
38%
mei'm
38%
Nachbarn
38%
scheißegal
38%
Tausend
38%
tausend
38%
Ferne
37%
gäbe
37%
Hab
37%
hör'n
37%
morgen
37%
Sterne
37%
Silikon
36%
einen
35%
Fingernagel
35%
ganzen
35%
mit
35%
Röhre
35%
Auch
34%
Ballermann
34%
Berlin
34%
Bett
34%
gucke
34%
keine
34%
Fotos
33%
Gruß
33%
Pferde
33%
Suff
33%
Wahl
33%
wäre
33%
Alaba
32%
Fünfhundert
32%
lässt
32%
Panama
32%
Raben
32%
ans
31%
braun
31%
Camora
31%
David
31%
fake
31%
gibt
31%
Lebe
31%
meinen
31%
Netflix
31%
scheint
31%
bringt
30%
Schicke
30%
Cornflakes
29%
echt
29%
Filme
29%
Traum
29%
Wien
29%
druff
28%
heiß
28%
hinter
27%
lebendig
27%
Nesquik
27%
rauch
27%
endlich
26%
Haramburger
26%
Hörnchen
26%
Motorgeräusche
26%
Wieder
26%
niemals
25%
Araber
24%
Gebäude
24%
klingt
24%
mattschwarz
24%
oben
24%
Chill
23%
nur
23%
Zukunft
22%
Skyline
21%
Statt
21%
Alfa
19%
Balkon
19%
Blunts
18%
träume
17%
Locos
16%
Countdown
15%
Ghost
12%
Vatos
11%
Keine übereinstimmenden Quizze gefunden
Verteilung der Resultate
Anzahl Personen mit jedem Resultat
Perzentil nach korrekt beantworteten Fragen
Ihre Resultats-Entwicklung
Sie haben dieses Quiz seit der letzten Aktualisierung nicht gespielt